000 01204nam a2200301 a 4500
001 BRCA_3278
005 20190320204212.0
008 130309s1850----enka---###---#000-0#eng-#
041 _aeng
044 _aenk
084 _a579
_b.L86
_c1850
100 1 _aCervantes Saavedra, Miguel de
_d1547-1616
_9213
245 1 0 _aThe History of Don Quixote de la Mancha.
260 _aLondres
_bEdward Lumley
_c1850
300 _a1 v. en 2 partes (xxvi, 428 p.)
_bil.
_c18 cm.
500 _aContenido : Prefacio del editor. Noticia sobre la vida de Cervantes. Texto abreviado de ambas partes
500 _aCompendio de traductor anónimo. Tela; planos y lomo decorados con dorados Lúdovik Osterc
500 _aEstado físico : Le faltan 6 páginas al inicio de la obra. Anotaciones manuscritas en la cubierta
500 _aQM1420
546 _aTexto en : inglés
650 1 4 _aNovela española
_yÉpoca clásica, 1500-1700
_9215
650 1 4 _aLiteratura española
_yÉpoca clásica, 1500-1700
_9216
650 1 4 _aNovela española
_ySiglo XVII
_9217
650 1 4 _aDon Quijote (Personaje ficticio)
_eNovela
_9218
740 0 _aEl Ingenioso Hidalgo Don Quijote de la Mancha
902 _aQFM
942 _2lcc
_cB
999 _c3014
_d3014